Systems biology: A textbook (Record no. 1208289)

MARC details
000 -LEADER
fixed length control field 01253nam a2200337Ia 4500
003 - CONTROL NUMBER IDENTIFIER
control field OSt
005 - DATE AND TIME OF LATEST TRANSACTION
control field 20221007121004.0
008 - FIXED-LENGTH DATA ELEMENTS--GENERAL INFORMATION
fixed length control field 221006b |||||||| |||| 00| 0 eng d
020 ## - INTERNATIONAL STANDARD BOOK NUMBER
International Standard Book Number 9783527318742 (pbk)
037 ## - SOURCE OF ACQUISITION
Terms of availability Textbook
040 ## - CATALOGING SOURCE
Original cataloging agency BDL
Transcribing agency BDL
Language of cataloging eng
041 ## - LANGUAGE CODE
Source of code eng
Language code of text/sound track or separate title eng
100 ## - MAIN ENTRY--PERSONAL NAME
Personal name Klipp Edda
9 (RLIN) 421328
245 #0 - TITLE STATEMENT
Title Systems biology: A textbook
Remainder of title Liebermeister Wolfram Wierling Christoph Kowald Axel Herwig Ralf Lehrach Hans
260 ## - PUBLICATION, DISTRIBUTION, ETC.
Place of publication, distribution, etc. Weinheim
Name of publisher, distributor, etc. Wiley-Blackwell
Date of publication, distribution, etc. 2009
300 ## - PHYSICAL DESCRIPTION
Extent xxi, 569p.
Dimensions cm.
500 ## - GENERAL NOTE
General note Includes bibliographical references.; Index 553-569p.
650 ## - SUBJECT ADDED ENTRY--TOPICAL TERM
Topical term or geographic name entry element Biology-life sciences
9 (RLIN) 710425
650 ## - SUBJECT ADDED ENTRY--TOPICAL TERM
Topical term or geographic name entry element Medicine-immunology
9 (RLIN) 710426
650 ## - SUBJECT ADDED ENTRY--TOPICAL TERM
Topical term or geographic name entry element Carb Botany
9 (RLIN) 710427
700 ## - ADDED ENTRY--PERSONAL NAME
Personal name Herwig Ralf
9 (RLIN) 710428
700 ## - ADDED ENTRY--PERSONAL NAME
Personal name Kowald Axel
9 (RLIN) 710429
700 ## - ADDED ENTRY--PERSONAL NAME
Personal name Liebermeister Wolfram
9 (RLIN) 421329
700 ## - ADDED ENTRY--PERSONAL NAME
Personal name Wierling Christoph
9 (RLIN) 421330
942 ## - ADDED ENTRY ELEMENTS (KOHA)
Classification part G:11, P9 Carb
Koha item type Textbook
Source of classification or shelving scheme Colon Classification (CC)
Holdings
Withdrawn status Lost status Source of classification or shelving scheme Damaged status Not for loan Home library Current library Date acquired Source of acquisition Total Checkouts Full call number Barcode Date last seen Price effective from Koha item type
    Colon Classification (CC)     Department of Botany Library Department of Botany Library 2022-10-07 063, 18/08/2009, N R Book Distributors   G:11 P9 Carb BD0005349 2022-10-07 2022-10-07 Textbook
Copyright @ Delhi University Library System